000 00686nam a22002177a 4500
003 SEM
005 20260618121602.0
008 260618s2002 ai ||||gr||||||01|||arm|d
020 _a5550012642
040 _aSEM
_cSEM
041 _aarm
080 _a891.981-1/Ա-16
100 _aԱբրահամյան, Ժաննա
245 _aՏիրելու կիրք /
_cԺ․ Աբրահամյան;Խմբ․՝ Հ․ Հաըկենց
260 _aԵրևան ։
_bՆաիրի,
_c2002․
300 _a158 էջ ;
_c19 սմ
650 _aՀայ գրականություն
_xբանաստեղծություն
653 _aՍԷՄ
700 _aՀաըկենց, Հ․
_4edt.
_eխմբ․
942 _2udc
_cBK
_n0
999 _c77307
_d77307